<?xml version="1.0" encoding="UTF-8"?>
<record
    xmlns:xsi="http://www.w3.org/2001/XMLSchema-instance"
    xsi:schemaLocation="http://www.loc.gov/MARC21/slim http://www.loc.gov/standards/marcxml/schema/MARC21slim.xsd"
    xmlns="http://www.loc.gov/MARC21/slim">

  <leader>01750nam a2200253 a 4500</leader>
  <controlfield tag="003">SISC</controlfield>
  <controlfield tag="005">20170130111843.0</controlfield>
  <controlfield tag="008">121013s19uu    xx            00    eng d</controlfield>
  <datafield tag="020" ind1=" " ind2=" ">
    <subfield code="a">9780814417348</subfield>
  </datafield>
  <datafield tag="050" ind1=" " ind2=" ">
    <subfield code="a">HF 5382.75.U6</subfield>
    <subfield code="b">.H65 2012</subfield>
  </datafield>
  <datafield tag="100" ind1=" " ind2=" ">
    <subfield code="a">Holland, R. William.</subfield>
  </datafield>
  <datafield tag="245" ind1=" " ind2=" ">
    <subfield code="a">Cracking the new job market :</subfield>
    <subfield code="b">the 7 rules for getting hired in any economy /</subfield>
    <subfield code="c">R. William Holland.</subfield>
  </datafield>
  <datafield tag="260" ind1=" " ind2=" ">
    <subfield code="a">New York, United States :</subfield>
    <subfield code="b">American Management Association,</subfield>
    <subfield code="c">2012.</subfield>
  </datafield>
  <datafield tag="300" ind1=" " ind2=" ">
    <subfield code="a">xv, 238 pages :</subfield>
    <subfield code="b">illustrations ;</subfield>
    <subfield code="c">24 cm.</subfield>
  </datafield>
  <datafield tag="500" ind1=" " ind2=" ">
    <subfield code="a">Includes index.</subfield>
  </datafield>
  <datafield tag="520" ind1=" " ind2=" ">
    <subfield code="a">The rules for finding professional work once seemed clear and unwavering: capture career highlights in a resume, practice answers to standard interview questions, and do lots of face-to-face networking. Cracking the New Job Market shows how these rules have changed and delivers new job-hunting strategies that actually work. The key, rather than to emphasize past accomplishments, is to sell your self on the value you can create for an employer. This new approach to getting hired requires new skills. Author R. William Holland, a human resources insider, shows job seekers how to: Gather information on what a prospective employer finds important Emphasize those skills, accomplishments, and qualities in tailored resumes and interview answers Identify the intersection between personal talents and what the marketplace needs Unlock the networking power of social media</subfield>
  </datafield>
  <datafield tag="650" ind1=" " ind2=" ">
    <subfield code="a">Job hunting</subfield>
    <subfield code="x">United States.</subfield>
  </datafield>
  <datafield tag="650" ind1=" " ind2=" ">
    <subfield code="a">White collar workers</subfield>
    <subfield code="x">Employment</subfield>
    <subfield code="x">United States.</subfield>
  </datafield>
  <datafield tag="650" ind1=" " ind2=" ">
    <subfield code="a">Professional employees</subfield>
    <subfield code="x">United States.</subfield>
  </datafield>
  <datafield tag="650" ind1=" " ind2=" ">
    <subfield code="a">Labor market</subfield>
    <subfield code="x">United States.</subfield>
  </datafield>
  <datafield tag="650" ind1=" " ind2=" ">
    <subfield code="a">Career development</subfield>
    <subfield code="x">United States.</subfield>
  </datafield>
  <datafield tag="942" ind1=" " ind2=" ">
    <subfield code="c">BK</subfield>
    <subfield code="2">lcc</subfield>
    <subfield code="k">FOR</subfield>
  </datafield>
  <datafield tag="999" ind1=" " ind2=" ">
    <subfield code="c">22400</subfield>
    <subfield code="d">22400</subfield>
  </datafield>
  <datafield tag="952" ind1=" " ind2=" ">
    <subfield code="0">0</subfield>
    <subfield code="1">0</subfield>
    <subfield code="2">lcc</subfield>
    <subfield code="4">0</subfield>
    <subfield code="a">CL</subfield>
    <subfield code="b">CL</subfield>
    <subfield code="c">RES</subfield>
    <subfield code="d">2014-01-18</subfield>
    <subfield code="l">0</subfield>
    <subfield code="o">HF 5382.75.U6 .H65 2012</subfield>
    <subfield code="p">C16367</subfield>
    <subfield code="r">2018-05-15 00:00:00</subfield>
    <subfield code="t">1</subfield>
    <subfield code="w">2014-01-18</subfield>
    <subfield code="y">BK</subfield>
  </datafield>
</record>
